000
00323 a2200109 4500
001
ART_2041
005
20260410161722.0
008
260409a
245
1
0
_a
El nuevo gerente estratégico
100
1
_a
Troentle, Daniel
773
0
_t
Administración de empresas
_g
- Año XIX, Nº 218 (may. 1988)
_w
REV2036
999
_c
17083
_d
17083